Data mining for business analytics : concepts, techniques, and applications in R (Record no. 463809)
[ view plain ]
| 000 -LEADER | |
|---|---|
| fixed length control field | 00830 a2200289 4500 |
| 001 - CONTROL NUMBER | |
| control field | 73313 |
| 003 - CONTROL NUMBER IDENTIFIER | |
| control field | OSt |
| 005 - DATE AND TIME OF LATEST TRANSACTION | |
| control field | 20260122161955.0 |
| 008 - FIXED-LENGTH DATA ELEMENTS--GENERAL INFORMATION | |
| fixed length control field | 260109b |||||||| |||| 00| 0 eng d |
| 020 ## - INTERNATIONAL STANDARD BOOK NUMBER | |
| International Standard Book Number | 978939421701 |
| 040 ## - CATALOGING SOURCE | |
| Transcribing agency | IN-CbAVV |
| 041 ## - LANGUAGE CODE | |
| Language code of text/sound track or separate title | English |
| 110 ## - MAIN ENTRY--CORPORATE NAME | |
| Corporate name or jurisdiction name as entry element | Shmueli, Galit |
| 100 ## - MAIN ENTRY--PERSONAL NAME | |
| Personal name | Shmueli, Galit |
| 245 ## - TITLE STATEMENT | |
| Title | Data mining for business analytics : concepts, techniques, and applications in R |
| 260 ## - PUBLICATION, DISTRIBUTION, ETC. | |
| Name of publisher, distributor, etc. | Wiley India Pvt.Ltd. |
| Date of publication, distribution, etc. | 2021 |
| Place of publication, distribution, etc. | New Delhi |
| 264 ## - PRODUCTION, PUBLICATION, DISTRIBUTION, MANUFACTURE, AND COPYRIGHT NOTICE | |
| Name of producer, publisher, distributor, manufacturer | Wiley India Pvt.Ltd. |
| Date of production, publication, distribution, manufacture, or copyright notice | 2021 |
| 300 ## - PHYSICAL DESCRIPTION | |
| Extent | xxxii, 552p. : ill. |
| 500 ## - GENERAL NOTE | |
| General note | Includes bibliographical references and index |
| 650 ## - SUBJECT ADDED ENTRY--TOPICAL TERM | |
| Topical term or geographic name entry element | Data mining -- Business analytics |
| 650 ## - SUBJECT ADDED ENTRY--TOPICAL TERM | |
| Topical term or geographic name entry element | k-NN |
| 650 ## - SUBJECT ADDED ENTRY--TOPICAL TERM | |
| Topical term or geographic name entry element | Forecasting time series |
| 650 ## - SUBJECT ADDED ENTRY--TOPICAL TERM | |
| Topical term or geographic name entry element | Text mining |
| 700 ## - ADDED ENTRY--PERSONAL NAME | |
| Personal name | Bruce, Peter C |
| 700 ## - ADDED ENTRY--PERSONAL NAME | |
| Personal name | Inbal Yahav |
| 942 ## - ADDED ENTRY ELEMENTS (KOHA) | |
| Koha item type | BOOKS |
| Source of classification or shelving scheme | Universal Decimal Classification |
| Date last seen | Total checkouts | Full call number | Barcode | Price effective from | Koha item type | Lost status | Source of classification or shelving scheme | Damaged status | Not for loan | Collection | Withdrawn status | Home library | Current library | Shelving location | Date acquired | Cost, normal purchase price |
|---|---|---|---|---|---|---|---|---|---|---|---|---|---|---|---|---|
| 09.01.2026 | 004.658:025.4.036 R10 | 73313 | 09.01.2026 | BOOKS | Universal Decimal Classification | TEXT BOOK | AMRITA SCHOOL OF ENGINEERING | AMRITA SCHOOL OF ENGINEERING | In Processing | 09.01.2026 | 1109.00 |